00318nam a2200109Ia 4500008004000000082001600040100001900056245004900075260003100124300000800155650004500163210210b1965 xxu||||| |||| 00| 0 eng d a510.02 BAKO aBAKER (C C T). a'O'level tests in alternative B mathematics. aECbMethuen & co ltdc1965 a123 aO level maths tests Alternative B maths